[Event "Dvorkovich Memorial Rapid 2018"]
[Site "Taganrog"]
[Date "2018.01.14"]
[Round "11"]
[White "Tsoi, Dmitry"]
[Black "Kharchenko, Boris"]
[Result "1/2-1/2"]
[WhiteElo "2371"]
[BlackElo "2464"]
[Annotator "TA"]
[PlyCount "16"]
[EventDate "2018.??.??"]
[EventType "swiss"]
[EventCountry "RUS"]
[SourceTitle "playchess.com"]
[Source "ChessBase"]
[SourceQuality "1"]

{[%evp 9,16,87,120,27,33,10,31,0,13]} 1. e4 e5 2. Nf3 Nc6 3. Bb5 Nf6 4. O-O Bb4 (4... Nxe4 5. Re1 Nd6 6. Nxe5 Be7 7. Bf1 Nxe5 8. Rxe5 O-O 9. Nc3 Ne8 10. Nd5 Bd6 11. Re1 c6 12. Ne3 Bc7 13. Nf5 d5 14. Ne7+ Kh8 15. Nxc8 Rxc8 16. d3 f5 {½-½ (29) Vachier Lagrave,M (2789)-Karjakin,S (2760) Riadh 2017}) 5. Bxc6 dxc6 6. d3 {C65: Ruy Lopez: Berlin Defence (3...Nf6), unusual lines and 4 0-0 Bc5} (6. Nxe5 $16 Nxe4 7. Re1 (7. Qf3 Ng5 $11)) 6... Nd7 $146 ({Predecessor:} 6... O-O 7. Nxe5 Bg4 8. Nxg4 Re8 9. a3 Bc5 10. Bg5 h5 11. Bxf6 Qd4 12. Bxd4 Bxd4 {1-0 (27) Flecher,J (1943)-Adam,J ICCF email 2011}) 7. Qe2 Bd6 8. Nc3 c5 1/2-1/2

[Event "Dvorkovich Memorial Rapid 2018"]
[Site "Taganrog"]
[Date "2018.01.14"]
[Round "11"]
[White "Bykov, Egor"]
[Black "Evdokimov, Alexander A"]
[Result "0-1"]
[WhiteElo "2346"]
[BlackElo "2502"]
[Annotator "TA"]
[PlyCount "78"]
[EventDate "2018.??.??"]
[EventType "swiss"]
[EventCountry "RUS"]
[SourceTitle "playchess.com"]
[Source "ChessBase"]
[SourceQuality "1"]

{[%evp 20,78,22,24,40,33,48,10,27,2,24,16,24,22,25,22,28,25,25,25,13,23,27,27,54,0,0,0,0,0,0,0,0,0,29,0,0,-18,0,-54,-61,-60,-60,-147,-137,-129,-143,-174,-52,-159,-110,-98,-77,-120,-98,-177,-189,-29989,-29990,-29990,-728]} 1. d4 Nf6 2. c4 e6 3. Nf3 b6 4. g3 Bb7 5. Bg2 Be7 6. Nc3 Ne4 7. Bd2 O-O 8. O-O f5 9. Ne5 {E18: Queen's Indian: Old Main Line (4 g3 Bb7 5 Bg2 Be7 6 0-0 0-0 7 Nc3)} (9. Qc2 Nxc3 10. Qxc3 Bf6 11. Rad1 Nc6 12. Qe3 Ne7 13. Bc3 Qe8 14. Ne1 Bxg2 15. Nxg2 Ng6 16. Qd3 Rd8 17. e4 fxe4 18. Qxe4 {½-½ (41) Aronian,L (2780)-Ivanchuk,V (2757) Leuven 2017}) 9... Nxc3 10. Bxc3 Bxg2 11. Kxg2 {LiveBook: 24 Games. The position is equal.} Qc8 12. f3 $146 ({Predecessor:} 12. Re1 b5 13. e4 Qb7 14. d5 d6 15. Nf3 Nd7 16. Nd4 Nc5 17. exf5 {1-0 (37) Troff,K (2543)-Harmon Vellotti,L (2409) Las Vegas 2016}) 12... Bf6 13. Qd2 Re8 14. e4 d6 15. Nd3 fxe4 16. fxe4 Nd7 17. Rae1 Rf8 18. Nf4 Bg5 19. Qe2 Bxf4 20. gxf4 Qe8 21. Kh1 Qe7 22. e5 (22. d5 $14) 22... dxe5 $11 23. fxe5 b5 24. cxb5 Nb6 25. Qe4 Nd5 26. Bd2 Rf7 27. Rg1 Raf8 28. Bh6 Kh8 29. Bg5 (29. Bd2 $11) 29... Qe8 $15 30. a4 Rf2 31. Qg4 {[#]} (31. Rg2 $15) 31... Qa8 $1 $17 {( -> ...Ne3+)} 32. Qe4 Rxb2 33. Rg3 Rbf2 $40 {[%mdl 128] Black has some attack.} (33... Rff2 $19 {And now ...Qf8 would win.} 34. Rh3 Qg8) 34. Kg1 ({White should play} 34. Reg1 $15) 34... R2f5 35. Bd2 Qe8 36. Qg2 Qf7 {...Rf2 is the strong threat.} 37. Bc1 (37. Qh3 $17) 37... Rf2 $19 38. Qe4 $2 {[#]} (38. Qh3 $19) 38... Rf1+ 39. Kg2 Qf2+ {Precision: White = 30%, Black = 54%.} 0-1

[Event "Dvorkovich Memorial Rapid 2018"]
[Site "Taganrog"]
[Date "2018.01.14"]
[Round "11"]
[White "Musalov, Ruslan"]
[Black "Gunchenko, Vadim"]
[Result "1/2-1/2"]
[WhiteElo "2338"]
[BlackElo "2338"]
[Annotator "ChessBase"]
[PlyCount "74"]
[EventDate "2018.??.??"]
[EventType "swiss"]
[EventCountry "RUS"]
[SourceTitle "playchess.com"]
[Source "ChessBase"]
[SourceQuality "1"]
[TimeControl "900+10"]

1. e4 {[%emt 0:00:12]} e6 {[%emt 0:00:00]} 2. d3 {[%emt 0:00:00]} d5 {[%emt 0:00:11]} 3. Nd2 {[%emt 0:00:05]} c5 {[%emt 0:00:08]} 4. g3 {[%emt 0:00:00]} Bd6 {[%emt 0:00:04]} 5. Bg2 {[%emt 0:00:06]} Ne7 {[%emt 0:00:04]} 6. Ngf3 {[%emt 0:00:17]} Nbc6 {[%emt 0:00:09]} 7. O-O {[%emt 0:01:54]} b6 {[%emt 0:00:18]} 8. Re1 {[%emt 0:00:12]} Bb7 {[%emt 0:00:40]} 9. c3 {[%emt 0:04:02]} Bc7 {[%emt 0:00:33]} 10. Ng5 {[%emt 0:01:06]} h6 {[%emt 0:01:43]} 11. Qh5 {[%emt 0:00:10]} g6 {[%emt 0:00:00]} 12. Qh3 {[%emt 0:00:09]} Ne5 {[%emt 0:00:02]} 13. exd5 {[%emt 0:01:44]} Bxd5 {[%emt 0:00:15]} 14. Nge4 {[%emt 0:05:57]} Nxd3 {[%emt 0:02:22]} 15. Nf6+ {[%emt 0:00:25]} Kf8 {[%emt 0:00:02]} 16. Nxd5 {[%emt 0:00:22]} exd5 {[%emt 0:01:01]} 17. Rd1 {[%emt 0:00:16]} Nxc1 {[%emt 0:01:14]} 18. Raxc1 {[%emt 0:00:04]} Qc8 {[%emt 0:00:41]} 19. Qh4 {[%emt 0:00:38]} Qf5 {[%emt 0:01:03]} 20. Nf1 {[%emt 0:00:03]} Rd8 {[%emt 0:00:36]} 21. Ne3 {[%emt 0:00:17]} Qg5 {[%emt 0:00:00]} 22. Qxg5 {[%emt 0:00:12]} hxg5 {[%emt 0:00:08]} 23. Nxd5 {[%emt 0:00:06]} Nxd5 {[%emt 0:00:15]} 24. Rxd5 {[%emt 0:00:07]} Rxd5 {[%emt 0:00:12]} 25. Bxd5 {[%emt 0:00:11]} g4 {[%emt 0:01:29]} 26. Bc4 {[%emt 0:00:26]} Rh5 {[%emt 0:03:06]} 27. Be2 {[%emt 0:00:03]} f5 {[%emt 0:00:13]} 28. Rd1 {[%emt 0:00:21]} Rh7 {[%emt 0:00:28]} 29. Bc4 {[%emt 0:00:04]} Re7 {[%emt 0:00:23]} 30. Kg2 {[%emt 0:00:02]} Kg7 {[%emt 0:00:07]} 31. f3 {[%emt 0:00:08]} gxf3+ {[%emt 0:00:07]} 32. Kxf3 {[%emt 0:00:01]} Kf6 {[%emt 0:00:03]} 33. Rd2 {[%emt 0:00:25]} g5 {[%emt 0:00:19]} 34. Rd5 {[%emt 0:00:18]} f4 {[%emt 0:00:53]} 35. g4 {[%emt 0:00:13]} Re5 {[%emt 0:00:41]} 36. Rxe5 {[%emt 0:00:10]} Kxe5 {[%emt 0:00:06]} 37. Bd3 {[%emt 0:00:05]} Bd8 {[%emt 0:00:03]} 1/2-1/2

[Event "Dvorkovich Memorial Rapid 2018"]
[Site "Taganrog"]
[Date "2018.01.14"]
[Round "11"]
[White "Chernyavsky, Alexander"]
[Black "Ivlev, Aleksey"]
[Result "1-0"]
[WhiteElo "2326"]
[BlackElo "2300"]
[Annotator "ChessBase"]
[PlyCount "87"]
[EventDate "2018.??.??"]
[EventType "swiss"]
[EventCountry "RUS"]
[SourceTitle "playchess.com"]
[Source "ChessBase"]
[SourceQuality "1"]
[TimeControl "900+10"]

1. c4 {[%emt 0:00:00]} c6 {[%emt 0:00:00]} 2. Nf3 {[%emt 0:00:00]} d5 {[%emt 0:00:00]} 3. e3 {[%emt 0:00:00]} Nf6 {[%emt 0:00:00]} 4. Nc3 {[%emt 0:00:00]} e6 {[%emt 0:00:00]} 5. b3 {[%emt 0:00:00]} Nbd7 {[%emt 0:00:03]} 6. Bb2 {[%emt 0:00:00]} Bd6 {[%emt 0:00:01]} 7. d4 {[%emt 0:00:00]} O-O {[%emt 0:00:12]} 8. Bd3 {[%emt 0:00:06]} b6 {[%emt 0:00:04]} 9. Qc2 {[%emt 0:00:27]} Bb7 {[%emt 0:00:21]} 10. O-O {[%emt 0:02:13]} Rc8 {[%emt 0:00:23]} 11. Rac1 {[%emt 0:00:11]} dxc4 {[%emt 0:00:14]} 12. bxc4 {[%emt 0:00:12]} c5 {[%emt 0:00:07]} 13. d5 {[%emt 0:00:13]} exd5 {[%emt 0:00:10]} 14. Nxd5 {[%emt 0:00:18]} Nxd5 {[%emt 0:02:58]} 15. Bxh7+ {[%emt 0:00:36]} Kh8 {[%emt 0:00:13]} 16. cxd5 {[%emt 0:00:10]} Bxd5 {[%emt 0:00:18]} 17. Rfd1 {[%emt 0:01:36]} Bxf3 {[%emt 0:02:35]} 18. gxf3 {[%emt 0:03:00]} Qg5+ {[%emt 0:00:14]} 19. Kf1 {[%emt 0:00:04]} Qh6 {[%emt 0:03:37]} 20. Bf5 {[%emt 0:00:28]} Rcd8 {[%emt 0:00:06]} 21. Rxd6 {[%emt 0:02:28]} Qxd6 {[%emt 0:01:04]} 22. Rd1 {[%emt 0:01:24]} Qe7 {[%emt 0:00:14]} 23. Qa4 {[%emt 0:00:07]} Ne5 {[%emt 0:01:11]} 24. Rxd8 {[%emt 0:00:00]} Rxd8 {[%emt 0:00:58]} 25. Bxe5 {[%emt 0:00:09]} Rd5 {[%emt 0:00:12]} 26. f4 {[%emt 0:00:19]} f6 {[%emt 0:00:11]} 27. Qc6 {[%emt 0:00:51]} Rd1+ {[%emt 0:00:30]} 28. Ke2 {[%emt 0:01:49]} Rd8 {[%emt 0:00:45]} 29. Bc7 {[%emt 0:00:52]} Rg8 {[%emt 0:01:21]} 30. Bg6 {[%emt 0:00:59]} Rc8 {[%emt 0:00:18]} 31. Qd5 {[%emt 0:00:11]} Qxc7 {[%emt 0:00:11]} 32. Qh5+ {[%emt 0:00:01]} Kg8 {[%emt 0:00:01]} 33. Qh7+ {[%emt 0:00:21]} Kf8 {[%emt 0:00:10]} 34. Qh8+ {[%emt 0:00:18]} Ke7 {[%emt 0:00:10]} 35. Qxg7+ {[%emt 0:00:02]} Ke6 {[%emt 0:00:13]} 36. f5+ {[%emt 0:00:11]} Kd5 {[%emt 0:00:48]} 37. Qxf6 {[%emt 0:00:13]} Qd6 {[%emt 0:00:11]} 38. Qf7+ {[%emt 0:00:19]} Kc6 {[%emt 0:00:33]} 39. f6 {[%emt 0:00:16]} Qe5 {[%emt 0:00:10]} 40. Qe7 {[%emt 0:00:10]} Qb2+ {[%emt 0:00:10]} 41. Kf3 {[%emt 0:00:10]} c4 {[%emt 0:00:10]} 42. Be4+ {[%emt 0:00:10]} Kb5 {[%emt 0:00:10]} 43. Qd7+ {[%emt 0:00:10]} Ka5 {[%emt 0:00:10]} 44. Qxc8 {[%emt 0:00:00]} 1-0

[Event "Dvorkovich Memorial Rapid 2018"]
[Site "Taganrog"]
[Date "2018.01.14"]
[Round "11"]
[White "Murzin, Volodar"]
[Black "Getman, Tatyana"]
[Result "1/2-1/2"]
[WhiteElo "2268"]
[BlackElo "2106"]
[Annotator "ChessBase"]
[PlyCount "63"]
[EventDate "2018.??.??"]
[EventType "swiss"]
[EventCountry "RUS"]
[SourceTitle "playchess.com"]
[Source "ChessBase"]
[SourceQuality "1"]
[TimeControl "900+10"]

1. e4 {[%emt 0:00:00]} e6 {[%emt 0:00:00]} 2. d3 {[%emt 0:00:00]} d5 {[%emt 0:00:00]} 3. Nd2 {[%emt 0:00:00]} Nf6 {[%emt 0:00:00]} 4. Ngf3 {[%emt 0:00:00]} c5 {[%emt 0:00:00]} 5. g3 {[%emt 0:00:00]} Nc6 {[%emt 0:00:00]} 6. Bg2 {[%emt 0:00:00]} Be7 {[%emt 0:00:10]} 7. O-O {[%emt 0:00:08]} b6 {[%emt 0:00:13]} 8. Re1 {[%emt 0:00:09]} Bb7 {[%emt 0:00:05]} 9. exd5 {[%emt 0:00:30]} exd5 {[%emt 0:00:07]} 10. Nf1 {[%emt 0:00:38]} O-O {[%emt 0:00:08]} 11. Ne3 {[%emt 0:00:32]} Qd7 {[%emt 0:00:16]} 12. d4 {[%emt 0:00:13]} cxd4 {[%emt 0:04:01]} 13. Nxd4 {[%emt 0:04:39]} Nxd4 {[%emt 0:00:00]} 14. Qxd4 {[%emt 0:00:01]} Bc5 {[%emt 0:00:00]} 15. Qf4 {[%emt 0:00:15]} Rfe8 {[%emt 0:03:23]} 16. Bd2 {[%emt 0:00:08]} Ne4 {[%emt 0:00:15]} 17. Red1 {[%emt 0:03:42]} Nxd2 {[%emt 0:00:35]} 18. Rxd2 {[%emt 0:00:03]} Bxe3 {[%emt 0:00:21]} 19. fxe3 {[%emt 0:00:00]} Qe6 {[%emt 0:01:08]} 20. Rad1 {[%emt 0:00:20]} Qxe3+ {[%emt 0:01:53]} 21. Qxe3 {[%emt 0:00:02]} Rxe3 {[%emt 0:00:11]} 22. Bxd5 {[%emt 0:00:02]} Bxd5 {[%emt 0:00:03]} 23. Rxd5 {[%emt 0:00:00]} g6 {[%emt 0:00:14]} 24. Kf2 {[%emt 0:00:13]} Rae8 {[%emt 0:00:15]} 25. R1d2 {[%emt 0:00:05]} R8e7 {[%emt 0:00:04]} 26. c4 {[%emt 0:00:21]} R3e6 {[%emt 0:00:41]} 27. Rd7 {[%emt 0:00:20]} Kg7 {[%emt 0:00:11]} 28. Rxe7 {[%emt 0:00:08]} Rxe7 {[%emt 0:00:11]} 29. Rd6 {[%emt 0:00:01]} Kh6 {[%emt 0:00:38]} 30. Rd5 {[%emt 0:00:33]} Kg7 {[%emt 0:00:07]} 31. a4 {[%emt 0:00:06]} Kf6 {[%emt 0:00:13]} 32. Kf3 {[%emt 0:00:14]} 1/2-1/2

[Event "Dvorkovich Memorial Rapid 2018"]
[Site "Taganrog"]
[Date "2018.01.14"]
[Round "11"]
[White "Yermolenko, Vasily"]
[Black "Zakaryan, David"]
[Result "0-1"]
[WhiteElo "2245"]
[BlackElo "2420"]
[Annotator "TA"]
[PlyCount "45"]
[EventDate "2018.??.??"]
[EventType "swiss"]
[EventCountry "RUS"]
[SourceTitle "playchess.com"]
[Source "ChessBase"]
[SourceQuality "1"]

{[%evp 12,45,85,74,93,78,87,64,72,50,53,50,50,44,84,59,62,72,145,147,200,54,35,-10,-2,-242,-4,-541,-532,-936,-924,-29990,-29991,-29987,-29988,-29997]} 1. d4 Nf6 2. c4 c5 3. Nf3 {[%cal Bg1f3,Bf3d4,Bd4b5,Bb5c3][%mdl 32]} cxd4 4. Nxd4 e5 5. Nb5 d5 6. cxd5 a6 {A31: Symmetrical English: 2 Nf3 Nf6 3 d4} (6... Bc5 7. e3 O-O 8. N5c3 Bf5 9. Be2 Nbd7 10. Nd2 Bb4 11. O-O Bxc3 12. bxc3 Nxd5 13. Bb2 Qb6 14. Nb3 N5f6 15. c4 Rfd8 16. Qc1 a5 17. Rd1 {½-½ (40) Matlakov,M (2714)-Giri,A (2785) Sochi 2017}) 7. N5c3 {LiveBook: 29 Games} b5 8. Bg5 Nbd7 $146 {White is better.} ({Predecessor:} 8... b4 9. Ne4 Bb7 10. e3 Be7 11. Bxf6 gxf6 12. Bc4 Nd7 13. Nbd2 Nb6 14. Bb3 Bxd5 15. Bxd5 Qxd5 {1-0 (51) Eisenbeiser,A (2434)-Rajlich,I (2417) Budapest 2008}) 9. a3 h6 10. Bxf6 Nxf6 11. e4 Bc5 12. Be2 h5 13. h3 Qb6 14. O-O Rh6 {[#]} (14... g5 $142) 15. Qd3 $1 $16 Rg6 {[#]} (15... Bd7 $16 16. a4 b4) 16. Nd2 (16. a4 $1 $18) 16... h4 $1 $14 {White must now prevent ...Rg3.} 17. Nf3 Nh5 18. Nxh4 $2 (18. Nxe5 $11 {and White has nothing to worry.} Nf4 19. Qf3 Bxh3 20. Nxg6 (20. Qxf4 Bxf2+ 21. Kh2 Bg3+ 22. Kxh3 Bxf4 $17) 20... Qxg6 21. Rfc1) 18... Rg3 $2 ({Better is} 18... Nf4 $19 19. Qf3 Nxh3+ 20. Kh2 Rh6) 19. Bf3 $2 {[%mdl 8192]} (19. Qd1 $1 $11 {and White stays safe.} Nf4 20. Kh2 (20. Bg4 $2 Bxg4 21. Qxg4 Rxg4 $19) 20... Bxf2 21. Qc2) 19... Nf4 $19 20. Qd2 {Strongly threatening Ne2.} Qh6 ({Inferior is} 20... Nxh3+ 21. Kh2 $16) 21. Kh2 {[#]} Rxh3+ $1 {[%mdl 512]} 22. gxh3 Qxh4 23. Rh1 {Precision: White = 17%, Black = 46%.} 0-1

[Event "Dvorkovich Memorial Rapid 2018"]
[Site "Taganrog"]
[Date "2018.01.14"]
[Round "11"]
[White "Sukhareva, Evgeniya"]
[Black "Matjushin, Gennady"]
[Result "0-1"]
[WhiteElo "2238"]
[BlackElo "2417"]
[Annotator "TA"]
[PlyCount "63"]
[EventDate "2018.??.??"]
[EventType "swiss"]
[EventCountry "RUS"]
[SourceTitle "playchess.com"]
[Source "ChessBase"]
[SourceQuality "1"]

{[%evp 10,63,21,26,32,33,36,32,28,6,20,9,14,-17,-13,-25,0,-17,0,-8,0,-21,-24,-8,-22,-49,-33,-100,0,-12,-27,-83,1,-250,-265,-209,-93,-104,-97,-257,-253,-302,-90,-626,-574,-1215,-1109,-29987,-29988,-29989,-29988,-29990,-1813,-29989,-29990,-29993]} 1. d4 d6 2. Nf3 {[%cal Bg1f3,Bf3d2,Bd2f1,Bf1e3][%mdl 32]} g6 3. c4 Nf6 4. Nc3 Bf5 5. Nd2 (5. d5 Bg7 6. Nd4 Bc8 7. e4 O-O 8. Be2 e6 9. O-O exd5 10. cxd5 Re8 11. f3 c5 12. Nc2 a6 13. a4 {1-0 (33) Le,Q (2737)-Mamedov,R (2709) Huaian 2017}) 5... e5 6. d5 {LiveBook: 6 Games. E61: King's Indian: Early deviations for White, including Smyslov System} Bd7 7. e4 a5 8. Be2 {White is slightly better.} Na6 9. h3 $146 ({Predecessor:} 9. g4 h5 10. g5 Nh7 11. h4 Bg7 12. Rg1 O-O {0-1 (30) Orenda,O (2120)-Sutkovic,D (2318) Rijeka 2007}) 9... Bh6 10. Nf1 (10. O-O {seems wilder.} O-O 11. Rb1 Re8 12. b3 Nc5 13. Qc2) 10... Bxc1 11. Rxc1 Nc5 12. Qc2 h5 13. Ne3 h4 14. b3 O-O 15. a3 a4 16. b4 Nb3 17. Rb1 Ne8 ({But not} 17... Nd4 18. Qd3 $11) 18. b5 ({White should try} 18. O-O $15) 18... Nc5 (18... Qg5 $17) 19. Bg4 Nf6 20. Rb4 (20. f3 $11 {keeps the balance.}) 20... Nb3 ({Better is} 20... Nxg4 $17 21. hxg4 Qg5) 21. Nxa4 $2 {[%mdl 8192]} (21. Bd1 $11 {and White stays safe.}) 21... Nd4 $19 22. Qd3 Bxg4 (22... Nxg4 $19 {is more deadly.} 23. hxg4 Qg5) 23. hxg4 $17 Nd7 24. Qb1 $2 (24. Qd2 $17) 24... Qg5 $19 25. Qd1 Qf4 $2 (25... Nf6 $19 {has better winning chances.} 26. b6 Nxe4) 26. Nc3 $2 {[%mdl 8192]} (26. Rxh4 $17 Kg7 27. g3 Qxe4 28. Kf1) 26... Rxa3 27. Qc1 Rfa8 28. Rxh4 Nc5 29. Kf1 Nd3 {[%csl Gd3][%cal Rf4f2]} 30. Qd2 Nxb4 (30... Ra1+ $142 31. Rb1 {[#]} R8a2 $1 {[%mdl 512]} 32. g3 Qf3 33. Rxa1 Rxd2 34. Kg1 Qxf2+ 35. Kh1 Qf3+ 36. Kg1 Qxg3+ 37. Kh1 Nf2#) 31. Kg1 {[#]} Rxc3 $1 32. Rh3 {Precision: White = 12%, Black = 32%.} (32. Qxc3 Ne2+) 0-1

[Event "Dvorkovich Memorial Rapid 2018"]
[Site "Taganrog"]
[Date "2018.01.14"]
[Round "11"]
[White "Garkushin, Artem"]
[Black "Oganian, Roman"]
[Result "0-1"]
[WhiteElo "2088"]
[BlackElo "2215"]
[Annotator "ChessBase"]
[PlyCount "59"]
[EventDate "2018.??.??"]
[EventType "swiss"]
[EventCountry "RUS"]
[SourceTitle "playchess.com"]
[Source "ChessBase"]
[SourceQuality "1"]
[TimeControl "900+10"]

1. d4 {[%emt 0:00:00]} Nf6 {[%emt 0:00:00]} 2. Nf3 {[%emt 0:00:00]} g6 {[%emt 0:00:00]} 3. Bg5 {[%emt 0:00:12]} Bg7 {[%emt 0:00:28]} 4. e3 {[%emt 0:00:09]} h6 {[%emt 0:00:08]} 5. Bh4 {[%emt 0:00:09]} O-O {[%emt 0:00:00]} 6. Be2 {[%emt 0:00:02]} d6 {[%emt 0:00:17]} 7. h3 {[%emt 0:00:06]} Nbd7 {[%emt 0:00:26]} 8. O-O {[%emt 0:00:04]} e5 {[%emt 0:00:32]} 9. c4 {[%emt 0:00:09]} g5 {[%emt 0:01:57]} 10. Bg3 {[%emt 0:00:04]} Ne4 {[%emt 0:01:23]} 11. Bh2 {[%emt 0:00:21]} f5 {[%emt 0:00:25]} 12. Nfd2 {[%emt 0:00:52]} Nxd2 {[%emt 0:02:00]} 13. Qxd2 {[%emt 0:00:27]} f4 {[%emt 0:00:27]} 14. Nc3 {[%emt 0:00:20]} c6 {[%emt 0:01:39]} 15. dxe5 {[%emt 0:01:03]} dxe5 {[%emt 0:00:18]} 16. Rad1 {[%emt 0:00:24]} Qe7 {[%emt 0:01:04]} 17. exf4 {[%emt 0:00:54]} exf4 {[%emt 0:00:14]} 18. Bd3 {[%emt 0:01:40]} Ne5 {[%emt 0:01:03]} 19. Bc2 {[%emt 0:00:43]} Bxh3 {[%emt 0:00:27]} 20. Rfe1 {[%emt 0:00:40]} Bg4 {[%emt 0:00:24]} 21. f3 {[%emt 0:00:56]} Qc5+ {[%emt 0:00:14]} 22. Kh1 {[%emt 0:00:07]} Nxf3 {[%emt 0:01:45]} 23. Qd3 {[%emt 0:01:00]} Bf5 {[%emt 0:00:01]} 24. Ne4 {[%emt 0:00:18]} Nxe1 {[%emt 0:00:19]} 25. Rxe1 {[%emt 0:00:53]} Rae8 {[%emt 0:00:30]} 26. Bg1 {[%emt 0:00:08]} Qe5 {[%emt 0:00:57]} 27. Qd2 {[%emt 0:03:37]} g4 {[%emt 0:00:31]} 28. Bc5 {[%emt 0:00:13]} Bxe4 {[%emt 0:01:20]} 29. Rxe4 {[%emt 0:00:31]} Qh5+ {[%emt 0:00:16]} 30. Kg1 {[%emt 0:00:12]} 0-1

[Event "Dvorkovich Memorial Rapid 2018"]
[Site "Taganrog"]
[Date "2018.01.14"]
[Round "11"]
[White "Ashrafzianov, Igor"]
[Black "Kiselev, Vitaliy"]
[Result "0-1"]
[WhiteElo "2004"]
[BlackElo "2516"]
[Annotator "TA"]
[PlyCount "150"]
[EventDate "2018.??.??"]
[EventType "swiss"]
[EventCountry "RUS"]
[SourceTitle "playchess.com"]
[Source "ChessBase"]
[SourceQuality "1"]

{[%evp 12,150,0,-18,-25,-18,38,23,46,50,50,50,78,72,95,97,103,93,115,109,143,150,189,61,67,63,68,52,59,-19,0,-31,-28,-37,-23,-22,-32,-66,-62,-54,-33,-34,-15,-111,-11,-12,0,-55,-66,-94,-71,-99,-99,-96,-91,-125,-61,-104,0,-117,-81,-108,-108,-108,-108,-108,-108,-108,-108,-108,-58,-113,-73,-108,-108,-129,-129,-129,-129,-129,-90,-91,-104,-125,-125,-129,-129,-129,-129,-129,-130,-130,0,-130,-84,-130,-130,-130,-128,-206,-206,-206,-206,-206,-112,-112,-85,-118,-118,-118,-118,-118,-85,-85,-85,-29954,-85,-12835,-5708,-29963,-29964,-8612,-6694,-29982,-29983,-29983,-29983,-29990,-29986,-29985,-29986,-29986,-29987,-29987,-29988,-29989,-29981,-29991,-29992,-29994,-29989]} 1. d4 Nf6 2. Nf3 e6 3. c4 Bb4+ 4. Bd2 c5 5. g3 Qb6 6. Bxb4 Qxb4+ {E11: Damenindisch (Bogoljubow-Variante)} 7. Qd2 {LiveBook: 8 Partien} Qxc4 (7... Nc6 8. Qxb4 Nxb4 9. Na3 b6 10. Bg2 Bb7 11. O-O a6 12. dxc5 bxc5 13. Rfc1 Rb8 14. Nb1 {½-½ (21) Harikrishna,P (2668)-Kortschnoj,V (2611) Reggio Emilia 2008}) 8. Na3 Qb4 (8... Qa4 $11) 9. dxc5 $14 Qxd2+ $146 ({Vorgänger:} 9... Na6 10. Rc1 Qxd2+ 11. Nxd2 Ke7 12. Bg2 Rd8 13. Nb5 Ne8 14. O-O {1-0 (46) Kreuscher,W (2065)-Negele,A (2177) Germany 2002}) 10. Nxd2 Na6 11. Nb5 Ke7 12. Rc1 b6 13. Bg2 Rb8 14. c6 ({Nicht} 14. Nxa7 bxc5 15. Nxc8+ Rhxc8 $15) 14... d5 15. O-O Nc5 16. b4 Ba6 17. Nxa7 ({Lieber nicht} 17. bxc5 Bxb5 18. c7 Rbc8 $11) (17. Nd4 $18) 17... Ra8 $1 18. bxc5 bxc5 19. Rxc5 Rxa7 20. Bf3 (20. Re1 $1 $14) 20... Kd6 $11 21. Rfc1 Bc4 22. R5xc4 dxc4 23. Nxc4+ Kc7 24. Rc2 Nd5 {[%mdl 1024] Schwarz hat Kompensation.} 25. Ne5 f6 26. Nd3 Kd6 27. Nc5 (27. Rd2 $1 $11 {bleibt in der Remisbreite.}) 27... Nb4 (27... Rc8 $17 28. Ne4+ Ke7) 28. Rc4 {Sb7+ ist eine echte Drohung.} Nd5 $36 {[%mdl 2048] Schwarz hat gut koordiniertes Spiel.} 29. Ne4+ ({Günstiger ist} 29. Rc2 $11) 29... Ke7 $1 $15 30. a4 Nb6 31. Rc5 Nxa4 32. Rb5 Rc8 33. Nd2 Nc3 (33... Kd6 $17 34. Rb1 Kc7) 34. Rc5 Na4 (34... Ra2 {seems wilder.} 35. Nb3 Nxe2+ 36. Kf1 Ra3 37. Rb5 Nc3) 35. Rb5 Rcc7 36. e3 Nc3 37. Rc5 {[#]} Nd5 $1 {[%mdl 512]} 38. Bxd5 exd5 39. Rxd5 Rxc6 $17 {[%mdl 4096] Endspiel KTT-KTS} 40. Nf3 g5 41. Rd1 ({Lieber} 41. g4 $15) 41... h5 42. Nd4 Rb6 43. h3 Ra2 44. Kg2 Rbb2 45. Rf1 Kd6 46. Nf5+ Ke5 47. Nd4 g4 {Und weiter mit ...gxh3+ wäre nett.} 48. hxg4 hxg4 49. Nc6+ Ke4 50. Nd4 Ra3 {Und ...Txe3 würde nun gewinnen.} 51. Kg1 Raa2 52. Kg2 Rb6 53. Kg1 Rab2 54. Kg2 Rb1 55. Rxb1 (55. f3+ $17 Kxe3 56. Nf5+ Kd3 57. Rxb1 Rxb1 58. fxg4) 55... Rxb1 {KT-KS} 56. Ne2 Ra1 57. Nf4 Ra2 (57... Ra6 $19 58. Ne2 Ra1) 58. Nh5 f5 59. Ng7 Ra6 {Weiss muss nun ...Th6 beachten.} 60. Nh5 Kd3 61. Ng7 Ra5 {Droht ...Kd2 und aus.} 62. Ne6 Kd2 {zielt auf ...Ke1 ab.} 63. Kf1 $2 {[%mdl 8192]} (63. Nd4 $17 Kd3 64. Ne6) 63... Ra1+ 64. Kg2 {und die Idee Sd4 ließe Weiss weiter hoffen.} Ke1 $1 65. Nf4 {[#]} Rd1 $1 {[%cal Rd1d6]} 66. Kg1 Rd2 67. Ng2+ Ke2 {Schwarz setzt Matt.} 68. Nh4 {[#]} Rd1+ $1 69. Kh2 Rf1 70. f3 Rxf3 71. Kg2 Rf2+ 72. Kg1 Kxe3 73. Ng6 Ra2 74. Nf4 Kf3 75. Nh5 Rg2+ {Precision: Weiß = 51%, Schwarz = 59%.} 0-1